DATA AND NETWORK COMMUNICATIONS (Record no. 22886)
[ view plain ]
| 000 -LEADER | |
|---|---|
| fixed length control field | 00233nam a2200097Ia 4500 |
| 008 - FIXED-LENGTH DATA ELEMENTS--GENERAL INFORMATION | |
| fixed length control field | 170619s9999 xx 000 0 und d |
| 100 ## - MAIN ENTRY--PERSONAL NAME | |
| Personal name | MILLER- A |
| 245 #0 - TITLE STATEMENT | |
| Title | DATA AND NETWORK COMMUNICATIONS |
| 260 ## - PUBLICATION, DISTRIBUTION, ETC. | |
| Name of publisher, distributor, etc. | PEARSON EDU. DELHI |
| 260 ## - PUBLICATION, DISTRIBUTION, ETC. | |
| Date of publication, distribution, etc. | 2004 |
| 546 ## - LANGUAGE NOTE | |
| Language note | ENGLISH |
| Withdrawn status | Lost status | Source of classification or shelving scheme | Damaged status | Not for loan | Home library | Current library | Date acquired | Source of acquisition | Cost, normal purchase price | Total Checkouts | Barcode | Date last seen | Price effective from | Koha item type |
|---|---|---|---|---|---|---|---|---|---|---|---|---|---|---|
| IIMT Engineering College-MCA | IIMT Engineering College-MCA | 06/23/2017 | 11 | 395.00 | 14-B-52 | 06/23/2017 | 06/23/2017 | Text-Book- for 7 days | ||||||
| IIMT Engineering College-MCA | IIMT Engineering College-MCA | 06/23/2017 | 11 | 395.00 | 14-B-53 | 06/23/2017 | 06/23/2017 | Text-Book- for 7 days | ||||||
| IIMT Engineering College-MCA | IIMT Engineering College-MCA | 06/23/2017 | 11 | 395.00 | 14-B-54 | 06/23/2017 | 06/23/2017 | Text-Book- for 7 days | ||||||
| IIMT Engineering College-MCA | IIMT Engineering College-MCA | 06/23/2017 | 11 | 395.00 | 14-B-55 | 06/23/2017 | 06/23/2017 | Text-Book- for 7 days |

